Computer-aided scheduling of public transport
Αποθηκεύτηκε σε:
| Συγγραφή απο Οργανισμό/Αρχή: | |
|---|---|
| Άλλοι συγγραφείς: | , |
| Μορφή: | Πρακτικό Συνεδρίου Βιβλίο |
| Γλώσσα: | English |
| Δημοσίευση: |
Berlin ; New York :
Springer,
2001
|
| Σειρά: | Lecture notes in economics and mathematical systems ;
; 505 |
| Θέματα: | |
| Ετικέτες: |
Προσθήκη ετικέτας
Δεν υπάρχουν, Καταχωρήστε ετικέτα πρώτοι!
|
MARC
| LEADER | 00000cam a2200000 i 4500 | ||
|---|---|---|---|
| 001 | 1/70301 | ||
| 008 | 080114s2001 eng d | ||
| 020 | |a 3-540-42243-9 | ||
| 035 | |l 10093643 | ||
| 040 | |a GR-MY-UA |b gre |e aacr | ||
| 041 | 0 | |a eng | |
| 082 | 0 | |a 388.413220285 |2 (22) | |
| 245 | 0 | 0 | |a Computer-aided scheduling of public transport / |c Stefan Voss, Joachim R. Daduna (eds.). |
| 260 | |a Berlin ; New York : |b Springer, |c 2001 | ||
| 300 | |a xi, 466 σ.; |b σχέδια, πιν.; |c 24 εκ. | ||
| 490 | 1 | |a Lecture notes in economics and mathematical systems |v ; 505 | |
| 500 | |a Τα περιεχόμενα του τόμου περιλαμβάνουν επιλεγμένα τμήματα που παρουσιάστικαν στο 8ο Διεθνές Συνένδριο "Computer-aided Scheduling of Public Transport (CASPT 2000) " το οποίο έγινε ... στο Βερολίνο, Γερμανίας από 21 Ιουνίου μέχρι 23 του 2000 | ||
| 504 | |a Περιλαμβάνει βιβλιογραφίες | ||
| 650 | 0 | 0 | |a Local transit |x Management |x Data processing |x Congresses. |
| 650 | 0 | 0 | |a Bus lines |x Management |x Data processing |x Cogresses. |
| 700 | 1 | |a Voss, Stefan, |e edt | |
| 700 | 1 | |a Daduna, Joachim Rolf, |d 1948- |e edt | |
| 711 | 2 | |a International Conference on Computer-aided Scheduling of Public Transport |n (8th : |d 2000 : |c Berlin, Germany) | |
| 830 | 0 | |a Lecture notes in economics and mathematical systems ; |v ; 505 | |
| 852 | |a INST |b CHIOS |e 20080114 |h 384.413220285 COM |p 005200027937 |q 005200027937 |t BK |y 0 | ||
| 901 | |a BIBL2-2008-1 | ||
| 922 | |a 2ΕΛΗ |b 200712 |c ΕΠΕΑΕΚ2/ΤΜΟΔ |d ΕΛΕΥΘΕΡΟΥΔΑΚΗΣ | ||
| 970 | |a ΑΤΣΑΛΗ |b ΔΕΣΠΟΙΝΑ |z 2008/01/14 | ||